000 00216pam a2200133 a 4500
020 _c
041 _h
100 _aCPR
245 _aEnergy
260 _c1993
300 _a9
653 _aEnergy
930 _a934
999 _c246787
_d246787